[Event "22nd European Teams"]
[Site "Batumi GEO"]
[Date "2019.10.24"]
[Round "1.8"]
[Board "2"]
[White "Volokitin, Andrei"]
[Black "Pelletier, Yannick"]
[Result "0-1"]
[WhiteTitle "GM"]
[BlackTitle "GM"]
[WhiteElo "2627"]
[BlackElo "2555"]
[WhiteTeam "Ukraine"]
[BlackTeam "Switzerland"]
[WhiteFideId "14107090"]
[BlackFideId "1301837"]
[EventDate "2019.10.24"]

1. e4 c6 2. d4 d5 3. e5 c5 4. dxc5 e6 5. a3 Nc6 6. Nf3 Bxc5 7. b4 Bb6 8. Bb2
Nge7 9. Bd3 Ng6 10. Nbd2 O-O 11. b5 Nb8 12. h4 f5 13. exf6 gxf6 14. h5 Nf4 15.
Bxh7+ Kxh7 16. g3 e5 17. gxf4 exf4 18. Kf1 Bf5 19. Nh4 Qc8 20. Nxf5 Qxf5 21. Nf3
Nd7 22. Qd3 Qxd3+ 23. cxd3 Rac8 24. d4 Rc2 25. Re1 Rxb2 26. Re7+ Kh6 27. Rxd7
Rb1+ 28. Kg2 Rg8+ 29. Kh2 Rb3 30. Nh4 Rg5 31. Rg1 Rxg1 32. Kxg1 Kxh5 33. Ng2 Kg4
34. Rxd5 Rxa3 35. Rd6 Ra1+ 36. Kh2 Rd1 37. Rxf6 Bc7 38. Rf7 Rc1 39. Rg7+ Kf3 40.
Ne1+ Rxe1 41. Rxc7 Kxf2 42. Rxb7 Re8 43. Kh3 f3 44. Rxa7 Rh8+ 45. Kg4 Rf8 46. b6
Kg2 47. Ra3 f2 48. Rg3+ Kf1 49. b7 Ke2 50. Rf3 f1=Q 51. Rxf1 Kxf1 52. d5 Ke2 53.
d6 Kd3 54. d7 Ke4 55. Kg5 Ke5 56. Kg6 Ke6 57. Kg7 Rb8 0-1

[Event "22nd European Teams"]
[Site "Batumi GEO"]
[Date "2019.10.24"]
[Round "1.8"]
[Board "3"]
[White "Georgiadis, Nico"]
[Black "Moiseenko, Alexander"]
[Result "1/2-1/2"]
[WhiteTitle "GM"]
[BlackTitle "GM"]
[WhiteElo "2528"]
[BlackElo "2635"]
[WhiteTeam "Switzerland"]
[BlackTeam "Ukraine"]
[WhiteFideId "1300113"]
[BlackFideId "14102560"]
[EventDate "2019.10.24"]

1. d4 Nf6 2. c4 e6 3. Nf3 d5 4. g3 Bb4+ 5. Bd2 Bd6 6. Bg2 O-O 7. O-O c6 8. Bc3
Ne4 9. Nfd2 Nxc3 10. Nxc3 f5 11. Qb3 Kh8 12. e3 Nd7 13. Rac1 Nf6 14. Ne2 g5 15.
f3 f4 16. e4 Bc7 17. e5 Ng8 18. Qc3 Ne7 19. Bh3 Qe8 20. Rf2 Qh5 21. Bg4 Qf7 22.
gxf4 gxf4 23. Kh1 Bb6 24. Nb3 Nf5 25. Bxf5 Qxf5 26. Rg1 Bd7 27. c5 Bd8 28. Rfg2
Be8 29. Rg4 Bh5 30. Rxf4 Qxf4 31. Nxf4 Rxf4 32. Nd2 Bh4 33. Rg3 Bxg3 34. hxg3
Rf7 35. Qe3 Raf8 36. g4 Bg6 37. Kg2 b6 38. b4 bxc5 39. bxc5 Kg7 40. Kg3 h5 41.
gxh5 Bxh5 42. Qg5+ Bg6 43. f4 Rf5 44. Qg4 Kf7 45. Nf3 1/2-1/2

[Event "22nd European Teams"]
[Site "Batumi GEO"]
[Date "2019.10.24"]
[Round "1.8"]
[Board "4"]
[White "Onischuk, Vladimir"]
[Black "Kurmann, Oliver"]
[Result "1-0"]
[WhiteTitle "GM"]
[BlackTitle "IM"]
[WhiteElo "2616"]
[BlackElo "2420"]
[WhiteTeam "Ukraine"]
[BlackTeam "Switzerland"]
[WhiteFideId "14114038"]
[BlackFideId "1308173"]
[EventDate "2019.10.24"]

1. e4 e5 2. Nf3 Nc6 3. Bc4 Bc5 4. d3 Nf6 5. O-O d6 6. c3 a6 7. a4 h6 8. Nbd2 O-O
9. Re1 Re8 10. b4 Ba7 11. Qb3 Be6 12. Bxe6 Rxe6 13. Nf1 Ne7 14. Ng3 Ng6 15. Ra2
c6 16. d4 Qc7 17. Rae2 Rae8 18. d5 cxd5 19. exd5 R6e7 20. Nf5 Rd7 21. c4 a5 22.
c5 dxc5 23. d6 Qb6 24. Nxe5 Rxe5 25. Rxe5 Nxe5 26. Rxe5 Qxb4 27. Qg3 Qg4 28.
Qxg4 Nxg4 29. Re7 Nf6 30. Bb2 Rxe7 31. dxe7 1-0

[Event "22nd European Teams"]
[Site "Batumi GEO"]
[Date "2019.10.24"]
[Round "1.9"]
[Board "1"]
[White "Nisipeanu, Liviu-Dieter"]
[Black "Georgiev, Kiril"]
[Result "1/2-1/2"]
[WhiteTitle "GM"]
[BlackTitle "GM"]
[WhiteElo "2656"]
[BlackElo "2577"]
[WhiteTeam "Germany"]
[BlackTeam "Republic of North Macedonia"]
[WhiteFideId "1202758"]
[BlackFideId "2900017"]
[EventDate "2019.10.24"]

1. e4 e5 2. Nf3 Nc6 3. Bb5 Nf6 4. d3 Bc5 5. Bxc6 dxc6 6. Nbd2 Be6 7. O-O Nd7 8.
Nb3 Bb6 9. Ng5 Bxb3 10. axb3 f6 11. Nf3 Nc5 12. Nd2 Ne6 13. Qh5+ g6 14. Qg4 Qd7
15. Nc4 Bd4 16. c3 Bc5 17. b4 Be7 18. f4 Nxf4 19. Qxd7+ Kxd7 20. Bxf4 exf4 21.
Rxf4 c5 22. bxc5 Bxc5+ 23. d4 Be7 24. b4 a6 25. Kf2 Rae8 26. Ke2 c6 27. Kd3 Bd8
28. Raf1 Re6 29. R4f3 Rhe8 30. e5 b5 1/2-1/2

[Event "22nd European Teams"]
[Site "Batumi GEO"]
[Date "2019.10.24"]
[Round "1.9"]
[Board "2"]
[White "Nedev, Trajko"]
[Black "Fridman, Daniel"]
[Result "1/2-1/2"]
[WhiteTitle "GM"]
[BlackTitle "GM"]
[WhiteElo "2500"]
[BlackElo "2637"]
[WhiteTeam "Republic of North Macedonia"]
[BlackTeam "Germany"]
[WhiteFideId "15000605"]
[BlackFideId "11600454"]
[EventDate "2019.10.24"]

1. e4 e5 2. Nf3 Nf6 3. Nc3 Nc6 4. Bb5 Bb4 5. O-O O-O 6. d3 d6 7. Ne2 Ne7 8. c3
Ba5 9. Ng3 c6 10. Ba4 Ng6 11. d4 Re8 12. Bc2 Bb6 13. h3 h6 14. Re1 Be6 15. Be3
Qc7 16. Qc1 Rad8 17. Nf5 Bxf5 18. exf5 exd4 19. Nxd4 Nf8 20. Qd2 N8h7 21. Bf4
Qd7 22. Nf3 d5 23. Ne5 Qc8 24. Qe2 Bc7 25. Qf3 Qb8 26. Nd3 Ng5 27. Qg3 Bxf4 28.
Nxf4 Nge4 29. Qf3 Ng5 30. Qg3 Nge4 31. Qf3 Nd2 32. Qg3 Rxe1+ 33. Rxe1 Re8 34.
Rd1 Qe5 35. Bd3 Nde4 36. Qe3 Qc7 37. Qc1 Qb6 38. Qc2 Re5 39. g4 h5 40. Bxe4 Rxe4
41. Nxh5 Nxh5 42. gxh5 Qa6 43. h6 Qe2 44. Qxe2 Rxe2 45. hxg7 Kxg7 46. Rb1 Kf6
47. Kg2 Rd2 48. a4 Kxf5 49. Kf3 Rd3+ 50. Kg2 d4 51. cxd4 Rxd4 52. b4 b6 53. Rb3
Rc4 54. Kg3 Kg5 55. Kf3 Kh4 56. Kg2 Rf4 57. a5 bxa5 58. bxa5 Ra4 1/2-1/2

[Event "22nd European Teams"]
[Site "Batumi GEO"]
[Date "2019.10.24"]
[Round "1.9"]
[Board "3"]
[White "Meier, Georg"]
[Black "Pancevski, Filip"]
[Result "1-0"]
[WhiteTitle "GM"]
[BlackTitle "IM"]
[WhiteElo "2628"]
[BlackElo "2490"]
[WhiteTeam "Germany"]
[BlackTeam "Republic of North Macedonia"]
[WhiteFideId "4675789"]
[BlackFideId "15002187"]
[EventDate "2019.10.24"]

1. Nf3 Nf6 2. d4 g6 3. Bf4 Bg7 4. e3 d6 5. Be2 O-O 6. O-O Nbd7 7. h3 Qe8 8. Nbd2
e5 9. Bh2 e4 10. Ne1 Qe7 11. c4 Re8 12. Nc2 c5 13. b4 b6 14. Rb1 Ba6 15. Qc1
cxd4 16. exd4 Nf8 17. Rd1 Bb7 18. Nf1 h5 19. Nfe3 Red8 20. Qa3 Bh6 21. d5 N6d7
22. Nd4 Ne5 23. Nc6 Nxc6 24. dxc6 Bxc6 25. b5 Bb7 26. Bxd6 Qe8 27. Nd5 Bxd5 28.
cxd5 Rd7 29. Bg3 Rad8 30. Bc4 Ne6 31. d6 Nf4 32. Rd4 Bg7 33. Rd2 Be5 34. Qe3
Bxd6 35. Rxd6 Rxd6 36. Qxf4 Rd1+ 37. Rxd1 Rxd1+ 38. Kh2 Rd4 39. Bb3 Qe7 40. f3
g5 41. Qe5 Qxe5 42. Bxe5 Rb4 43. Bd6 Rd4 44. Be5 Rb4 45. Bc3 Rxb5 46. fxe4 Rc5
47. Bf6 b5 48. Bd5 g4 49. Bd4 Rc7 50. hxg4 hxg4 51. Kg3 a5 52. Bb6 Rc3+ 53. Kxg4
a4 54. Ba5 Rc2 55. g3 Kg7 56. a3 Kg6 57. Bb4 Rc1 58. e5 Kg7 59. Be4 Rc4 60. Kf5 1-0

[Event "22nd European Teams"]
[Site "Batumi GEO"]
[Date "2019.10.24"]
[Round "1.9"]
[Board "4"]
[White "Nikolovski, Nikola"]
[Black "Svane, Rasmus"]
[Result "1-0"]
[WhiteTitle "IM"]
[BlackTitle "GM"]
[WhiteElo "2424"]
[BlackElo "2592"]
[WhiteTeam "Republic of North Macedonia"]
[BlackTeam "Germany"]
[WhiteFideId "15002314"]
[BlackFideId "4657101"]
[EventDate "2019.10.24"]

1. e4 e5 2. Nf3 Nc6 3. Bc4 Nf6 4. d3 Bc5 5. O-O d6 6. c3 a5 7. h3 O-O 8. Re1 Be6
9. Bb5 Ba7 10. Nbd2 Ne7 11. d4 Ng6 12. Nf1 exd4 13. Nxd4 c6 14. Bd3 Qc7 15. Ng3
Rae8 16. f4 Bc8 17. Bc2 Nd7 18. Kh2 Bb8 19. Nh5 Nc5 20. Nf5 Ne6 21. g3 Rd8 22.
Qf3 Kh8 23. Be3 c5 24. Rad1 b5 25. Bc1 f6 26. Ne3 Ne7 27. Nd5 Qd7 28. Qg4 Rf7
29. f5 Nf8 30. Nhf4 Nc6 31. a4 Ne5 32. Qe2 bxa4 33. Nb6 Qc6 34. Nfd5 Qb7 35.
Bxa4 Ba7 36. Nxc8 Qxc8 37. Bf4 Rb7 38. Bxe5 dxe5 39. Ne3 Rb8 40. Rxd8 Qxd8 41.
Rd1 Qc7 42. Nc4 g6 43. g4 Qg7 44. Qe3 Qf7 45. Qe2 Qg7 46. Bc6 Bb6 47. Qe3 Qe7
48. Rf1 Bc7 49. Kh1 Rd8 50. Bd5 Nd7 51. Be6 Nf8 52. Bd5 Nd7 53. Qf2 Kg7 54. h4
a4 55. Kg2 Nb6 56. Ne3 Nxd5 57. Nxd5 Rxd5 58. exd5 e4 59. g5 Qe5 60. gxf6+ Kf7
61. fxg6+ hxg6 62. Re1 Qh2+ 63. Kf1 Qh1+ 64. Ke2 Qh3 65. Qe3 Qg4+ 66. Kf1 Qf5+
67. Qf2 Qxd5 68. Qg2 Qd3+ 69. Kg1 e3 70. Qf3 c4 71. Rxe3 Qd6 72. Re7+ Kf8 73.
Re2 Kf7 74. Kf1 Qd1+ 75. Kg2 Qd6 76. Qe4 Kxf6 77. Rf2+ Kg7 78. Qd4+ Qxd4 79.
cxd4 Bb6 80. Rf4 Bc7 81. Re4 Kf7 82. d5 c3 83. bxc3 a3 84. Ra4 Bd6 85. Kf3 Kf6
86. Ke4 1-0

[Event "22nd European Teams"]
[Site "Batumi GEO"]
[Date "2019.10.24"]
[Round "1.10"]
[Board "1"]
[White "Pechac, Jergus"]
[Black "Gledura, Benjamin"]
[Result "1/2-1/2"]
[WhiteTitle "GM"]
[BlackTitle "GM"]
[WhiteElo "2491"]
[BlackElo "2654"]
[WhiteTeam "Slovakia"]
[BlackTeam "Hungary"]
[WhiteFideId "14926970"]
[BlackFideId "712779"]
[EventDate "2019.10.24"]

1. d4 d5 2. c4 c6 3. cxd5 cxd5 4. Bf4 Nc6 5. e3 Nf6 6. Bd3 a6 7. Nc3 Bg4 8. Nf3
e6 9. h3 Bh5 10. O-O Bd6 11. Bxd6 Qxd6 12. Be2 O-O 13. Rc1 Rfc8 14. Nd2 Bxe2 15.
Qxe2 Na5 16. a3 b5 17. Rfd1 Nc4 18. Nxc4 bxc4 19. e4 Qb6 20. Rd2 Rab8 21. exd5
exd5 22. Qf3 Qc6 23. Re1 Rb3 24. Re5 Rd8 25. Rde2 g6 26. Re7 Rf8 27. Qf4 Ne4 28.
Rc7 Qa8 29. Rxe4 dxe4 30. Nxe4 Rb5 31. Nd6 Rd5 32. Nxf7 Qe8 33. Nh6+ Kh8 34.
Nf7+ 1/2-1/2

[Event "22nd European Teams"]
[Site "Batumi GEO"]
[Date "2019.10.24"]
[Round "1.10"]
[Board "2"]
[White "Berkes, Ferenc"]
[Black "Ftacnik, Lubomir"]
[Result "1-0"]
[WhiteTitle "GM"]
[BlackTitle "GM"]
[WhiteElo "2667"]
[BlackElo "2520"]
[WhiteTeam "Hungary"]
[BlackTeam "Slovakia"]
[WhiteFideId "718572"]
[BlackFideId "14900017"]
[EventDate "2019.10.24"]

1. d4 Nf6 2. Nf3 g6 3. Bf4 d6 4. c3 Bg7 5. h3 O-O 6. Nbd2 Nbd7 7. Bh2 b6 8. e4
Bb7 9. Bd3 e5 10. O-O Re8 11. Re1 a5 12. Qc2 Ba6 13. Bxa6 Rxa6 14. Rad1 b5 15.
a4 c6 16. c4 Qb8 17. c5 Bf8 18. axb5 cxb5 19. c6 Rc8 20. d5 Nb6 21. Qb3 Na4 22.
Rc1 Bh6 23. Rc2 Ne8 24. g4 Nc5 25. Qc3 b4 26. Qc4 b3 27. Rc3 Rb6 28. Bxe5 dxe5
29. Qxc5 Bf8 30. Qe3 a4 31. Nxe5 Ra6 32. Nd7 Qb5 33. Nxf8 Kxf8 34. Qd4 1-0

[Event "22nd European Teams"]
[Site "Batumi GEO"]
[Date "2019.10.24"]
[Round "1.10"]
[Board "3"]
[White "Jurcik, Marian"]
[Black "Banusz, Tamas"]
[Result "0-1"]
[WhiteTitle "GM"]
[BlackTitle "GM"]
[WhiteElo "2486"]
[BlackElo "2619"]
[WhiteTeam "Slovakia"]
[BlackTeam "Hungary"]
[WhiteFideId "14907518"]
[BlackFideId "722413"]
[EventDate "2019.10.24"]

1. e4 e5 2. Nf3 Nc6 3. Nc3 Nf6 4. Bb5 Bc5 5. O-O O-O 6. Nxe5 Nxe5 7. d4 Bd6 8.
f4 Neg4 9. Be2 Bb4 10. e5 d6 11. exf6 Nxf6 12. f5 d5 13. Bg5 Be7 14. Qd2 Re8 15.
a3 h6 16. Bf4 c6 17. Rae1 Bxf5 18. Bxh6 Bg6 19. Bg5 Qb6 20. Na4 Qc7 21. Bd3 Bxd3
22. Qxd3 Ng4 23. Bf4 Bd6 24. h3 Bxf4 25. hxg4 Bg5 26. c3 g6 27. Nc5 Kg7 28. Qf3
Re7 29. Rxe7 Qxe7 30. g3 Re8 31. Kg2 f6 32. Nd3 Qe3 33. Qxe3 Rxe3 34. Rf3 Re4
35. Nc5 Re7 36. Rf2 b6 37. Nd3 a5 38. Nf4 Re3 39. Rf3 Bxf4 40. gxf4 Re4 41. Kg3
Kf7 42. f5 gxf5 43. Rxf5 Ke6 44. Rf2 c5 45. Rd2 cxd4 46. cxd4 b5 47. Kf3 Kf7 48.
Rc2 Rxd4 49. Rc5 Rd3+ 50. Kf4 Rb3 51. a4 Rxb2 52. axb5 a4 53. Rxd5 Ke6 54. Rc5
a3 55. Rc6+ Kd5 56. Ra6 a2 57. Kf5 Rf2+ 58. Kg6 Kc5 59. b6 Kc6 60. Rxa2 Rxa2 61.
Kxf6 Rf2+ 62. Kg6 Kxb6 63. g5 Kc7 64. Kh7 Kd7 65. g6 Rh2+ 66. Kg8 Ke7 67. g7 Rg2 0-1

[Event "22nd European Teams"]
[Site "Batumi GEO"]
[Date "2019.10.24"]
[Round "1.10"]
[Board "4"]
[White "Prohaszka, Peter2"]
[Black "Nayhebaver, Martin"]
[Result "0-1"]
[WhiteTitle "GM"]
[BlackTitle "IM"]
[WhiteElo "2610"]
[BlackElo "2481"]
[WhiteTeam "Hungary"]
[BlackTeam "Slovakia"]
[WhiteFideId "726265"]
[BlackFideId "14923432"]
[EventDate "2019.10.24"]

1. d4 Nf6 2. c4 e6 3. g3 d5 4. Bg2 Be7 5. Nf3 O-O 6. Nc3 Nbd7 7. O-O dxc4 8. e4
Nb6 9. a4 a5 10. Bf4 Bd7 11. h3 Bb4 12. Re1 Rc8 13. g4 c5 14. Bg5 cxd4 15. Qxd4
Bc5 16. Qd2 Bc6 17. Qc1 Be7 18. Rd1 Nfd7 19. Be3 Qe8 20. Bxb6 Nxb6 21. Ne5 Bxa4
22. Nxa4 Nxa4 23. Nd7 Nc5 24. Nxf8 Nb3 25. Qe3 Bc5 26. Qg5 h6 27. Qe5 Nxa1 28.
Rxa1 b6 29. Nxe6 Qxe6 30. Qc3 Qd6 31. Qc2 Qe5 32. Rd1 Bd4 33. Rd2 b5 34. Kh1 b4
35. f4 Qc5 36. Qd1 Bxb2 37. Rd5 Qc7 38. e5 c3 39. Be4 c2 40. Bxc2 Qxc2 41. Rd8+
Kh7 0-1

[Event "22nd European Teams"]
[Site "Batumi GEO"]
[Date "2019.10.24"]
[Round "1.11"]
[Board "1"]
[White "Rodshtein, Maxim"]
[Black "Djukic, Nikola"]
[Result "1/2-1/2"]
[WhiteTitle "GM"]
[BlackTitle "GM"]
[WhiteElo "2684"]
[BlackElo "2517"]
[WhiteTeam "Israel"]
[BlackTeam "Montenegro"]
[WhiteFideId "2806851"]
[BlackFideId "922412"]
[EventDate "2019.10.24"]

1. c4 c5 2. Nc3 Nc6 3. g3 g6 4. Bg2 Bg7 5. Nf3 e5 6. d3 Nge7 7. Nd2 d6 8. a3 Rb8
9. Rb1 a6 10. Nf1 b5 11. Ne3 O-O 12. O-O Be6 13. Ned5 Qd7 14. b4 cxb4 15. axb4
Bh3 16. e4 Bg4 17. Qd2 Nd4 18. Nxe7+ Qxe7 19. Nd5 Qa7 20. Qg5 Be2 21. Nf6+ Bxf6
22. Qxf6 Bxf1 23. Bh6 Ne6 24. Bxf8 Rxf8 25. Bxf1 bxc4 26. dxc4 Qd4 27. h4 Qxe4
28. Ra1 Nd4 29. Bg2 Ne2+ 30. Kh2 Qxc4 31. Qxd6 Nd4 32. Qxe5 Qc3 33. Ra5 Nf3+ 34.
Bxf3 Qxf3 35. Qf4 Qxf4 36. gxf4 Rb8 1/2-1/2

[Event "22nd European Teams"]
[Site "Batumi GEO"]
[Date "2019.10.24"]
[Round "1.11"]
[Board "2"]
[White "Blagojevic, Dragisa"]
[Black "Postny, Evgeny"]
[Result "1/2-1/2"]
[WhiteTitle "GM"]
[BlackTitle "GM"]
[WhiteElo "2500"]
[BlackElo "2597"]
[WhiteTeam "Montenegro"]
[BlackTeam "Israel"]
[WhiteFideId "900885"]
[BlackFideId "2804344"]
[EventDate "2019.10.24"]

1. d4 Nf6 2. c4 e6 3. Nf3 b6 4. g3 Bb4+ 5. Bd2 Bxd2+ 6. Qxd2 Ba6 7. b3 d5 8.
cxd5 exd5 9. Qe3+ Ne4 10. Nc3 Bb7 11. Bg2 O-O 12. O-O Nd7 13. Rfd1 Re8 14. Nxe4
dxe4 15. Ne5 f6 16. Nxd7 Qxd7 17. Rac1 Bd5 18. Qc3 Re7 19. e3 Rd8 20. Bf1 Kf8
21. Rd2 h5 22. Rdc2 Qd6 23. Bc4 Rdd7 24. Bxd5 Qxd5 25. Qb4 a5 26. Qc4 Qf5 27. b4
axb4 28. Qxb4 Kg8 29. Qc4+ Kh7 30. Qe2 Kh6 31. h4 1/2-1/2

[Event "22nd European Teams"]
[Site "Batumi GEO"]
[Date "2019.10.24"]
[Round "1.11"]
[Board "3"]
[White "Nabaty, Tamir"]
[Black "Draskovic, Luka"]
[Result "1-0"]
[WhiteTitle "GM"]
[BlackTitle "IM"]
[WhiteElo "2658"]
[BlackElo "2460"]
[WhiteTeam "Israel"]
[BlackTeam "Montenegro"]
[WhiteFideId "2809052"]
[BlackFideId "944335"]
[EventDate "2019.10.24"]

1. d4 Nf6 2. Nf3 e6 3. c4 b6 4. Bf4 Bb7 5. e3 Bd6 6. Bxd6 cxd6 7. d5 exd5 8. Nc3
dxc4 9. Qxd6 Qe7 10. Nb5 Na6 11. Nfd4 g6 12. Bxc4 Ne4 13. Qxe7+ Kxe7 14. f3 d5
15. Be2 Nf6 16. Kd2 Nc5 17. b4 Ncd7 18. Rhc1 a6 19. Nc7 Ra7 20. a4 Ne5 21. Rc3
Rd8 22. Rac1 Rd7 23. b5 a5 24. Na6 Ne8 25. Nb8 Rd8 26. Nbc6+ Bxc6 27. bxc6 Nc7
28. Rb1 Rb8 29. f4 Nc4+ 30. Bxc4 dxc4 31. Rxc4 Ra6 32. e4 Rd8 33. Ke3 Rd6 34. g4
Kd8 35. g5 Ne6 36. Nb5 1-0

[Event "22nd European Teams"]
[Site "Batumi GEO"]
[Date "2019.10.24"]
[Round "1.11"]
[Board "4"]
[White "Kalezic, Blazo"]
[Black "Mikhalevski, Victor"]
[Result "1-0"]
[WhiteTitle "IM"]
[BlackTitle "GM"]
[WhiteElo "2455"]
[BlackElo "2570"]
[WhiteTeam "Montenegro"]
[BlackTeam "Israel"]
[WhiteFideId "921815"]
[BlackFideId "2801914"]
[EventDate "2019.10.24"]

1. e4 e5 2. Nf3 Nc6 3. Bb5 a6 4. Ba4 Nf6 5. O-O Be7 6. Re1 b5 7. Bb3 d6 8. a4
Bg4 9. c3 O-O 10. h3 Bh5 11. d3 Na5 12. Bc2 b4 13. Nbd2 Rb8 14. d4 bxc3 15. bxc3
exd4 16. cxd4 c5 17. Bd3 d5 18. e5 Nd7 19. Qc2 Bg6 20. Bxg6 fxg6 21. e6 Nb6 22.
dxc5 Qc7 23. Qd3 Bxc5 24. Ba3 Bxa3 25. Rxa3 Qc5 26. Rc3 Nbc4 27. Nxc4 dxc4 28.
e7 Rfe8 29. Qd7 Qc6 30. Qxc6 Nxc6 31. Rxc4 Nxe7 32. Rce4 Kf8 33. Ng5 Nd5 34.
Nxh7+ Kf7 35. Ng5+ Kf8 36. Ne6+ Kg8 37. Nc5 Rec8 38. Nxa6 Ra8 39. Re6 Nf4 40.
Rd6 Rc4 41. a5 Ra4 42. Nc7 R8xa5 43. Re8+ Kh7 44. Rdd8 g5 45. Rh8+ Kg6 46. Rd6+
Kf5 47. Rf8+ Ke5 48. Rd7 g6 49. Re8+ Kf6 50. Re3 g4 51. hxg4 Ra1+ 52. Kh2 R5a2
53. Ne8+ Kg5 54. Re5+ Kh4 55. Rh7+ Nh5 56. gxh5 g5 57. Nf6 1-0

[Event "22nd European Teams"]
[Site "Batumi GEO"]
[Date "2019.10.24"]
[Round "1.12"]
[Board "2"]
[White "Laznicka, Viktor"]
[Black "Kanep, Meelis"]
[Result "1-0"]
[WhiteTitle "GM"]
[BlackTitle "GM"]
[WhiteElo "2667"]
[BlackElo "2448"]
[WhiteTeam "Czech Republic"]
[BlackTeam "Estonia"]
[WhiteFideId "316385"]
[BlackFideId "4501047"]
[EventDate "2019.10.24"]

1. d4 Nf6 2. c4 g6 3. Nf3 Bg7 4. g3 O-O 5. Bg2 d6 6. O-O Nc6 7. Nc3 e5 8. d5 Nb8
9. e4 a5 10. a3 Nbd7 11. Ne1 Nc5 12. b3 c6 13. Rb1 cxd5 14. cxd5 Bd7 15. Nd3 b6
16. Nb2 b5 17. b4 axb4 18. axb4 Na6 19. Qb3 Qb6 20. Be3 Qb7 21. h3 Nh5 22. Nd3
f5 23. exf5 gxf5 24. Ne2 Kh8 25. Rfc1 Be8 26. Rc2 Nf6 27. Rbc1 Bf7 28. Rc6 f4
29. Nexf4 exf4 30. Nxf4 Rac8 31. Ne6 Rxc6 32. Rxc6 Bxe6 33. dxe6 d5 34. Rb6 Qc8
35. Bxd5 Nxd5 36. Qxd5 Nc7 37. Qc5 Na8 38. Rc6 Qb7 39. e7 Re8 40. Bg5 h6 41.
Bxh6 Rxe7 42. Rc8+ Kh7 43. Qc2+ Re4 44. Be3 1-0

[Event "22nd European Teams"]
[Site "Batumi GEO"]
[Date "2019.10.24"]
[Round "1.12"]
[Board "3"]
[White "Seeman, Tarvo"]
[Black "Nguyen, Thai Dai Van"]
[Result "0-1"]
[WhiteTitle "IM"]
[BlackTitle "GM"]
[WhiteElo "2394"]
[BlackElo "2545"]
[WhiteTeam "Estonia"]
[BlackTeam "Czech Republic"]
[WhiteFideId "4500547"]
[BlackFideId "358878"]
[EventDate "2019.10.24"]

1. c4 Nf6 2. Nf3 e6 3. g3 d5 4. Bg2 Be7 5. d4 O-O 6. Nc3 dxc4 7. Ne5 c5 8. dxc5
Qxd1+ 9. Nxd1 Bxc5 10. Bd2 Nc6 11. Bxc6 bxc6 12. Rc1 Bb6 13. Nxc4 c5 14. f3 Nd5
15. Nf2 Ba6 16. Nd3 Rac8 17. b3 Bd8 18. Kf2 Bf6 19. Rc2 Rfd8 20. Rhc1 Bd4+ 21.
e3 Bf6 22. Ba5 Nb6 23. Nde5 Bxe5 24. Nxe5 f6 25. Nc4 Bxc4 26. bxc4 Rd6 27. Rb1
Kf7 28. Ke2 e5 29. Rb5 h5 30. h4 Ke7 31. e4 Nd7 32. Rb7 Rcc6 33. Rxa7 Ra6 34.
Rxa6 Rxa6 35. Bd2 Ra4 36. Be3 Kd6 37. f4 Kc6 38. Kf3 exf4 39. gxf4 Nb6 40. Ke2
Nxc4 41. Bf2 Nd6 42. Bxc5 Nxe4 43. Bb4+ Kd5 44. a3 Ng3+ 45. Kf3 Nf5 46. Rc5+ Ke6
47. Ke4 Ng3+ 48. Kf3 Nf5 49. Ke4 Ng3+ 50. Kd3 Nf5 51. Kc4 Ra8 52. Kb3 Nxh4 53.
Rxh5 Nf5 54. Rh1 Kd5 55. Re1 Nd4+ 56. Kc3 Ne6 57. Rf1 Rc8+ 58. Kd3 Rh8 59. Ke3
Nd4 60. Kf2 Ke4 61. Kg2 Nc2 62. Kg3 Rd8 63. Rf3 Ne3 64. Rf2 Rd3 65. Re2 Kf5 66.
Kf2 Nd5 67. Rd2 Nxb4 0-1

[Event "22nd European Teams"]
[Site "Batumi GEO"]
[Date "2019.10.24"]
[Round "1.12"]
[Board "4"]
[White "Michalik, Peter"]
[Black "Sepp, Olav"]
[Result "1/2-1/2"]
[WhiteTitle "GM"]
[BlackTitle "IM"]
[WhiteElo "2578"]
[BlackElo "2411"]
[WhiteTeam "Czech Republic"]
[BlackTeam "Estonia"]
[WhiteFideId "14907526"]
[BlackFideId "4500105"]
[EventDate "2019.10.24"]

1. e4 e5 2. Nf3 Nc6 3. Bb5 Nf6 4. O-O Nxe4 5. Re1 Nd6 6. Nxe5 Be7 7. Bf1 Nxe5 8.
Rxe5 O-O 9. d4 Bf6 10. Re1 Nf5 11. d5 d6 12. Nd2 Bg5 13. Bd3 Nh6 14. h3 Re8 15.
Ne4 Bxc1 16. Rxc1 Bd7 17. c4 f5 18. Nd2 Rxe1+ 19. Qxe1 Qf6 20. Nf3 b6 21. b4 c5
22. bxc5 Re8 23. Qc3 Qxc3 24. Rxc3 dxc5 25. Ra3 a5 26. Rb3 Rb8 27. Ne5 Ba4 28.
Rb2 g6 29. Be2 Nf7 30. Nd3 Re8 31. Nf4 Re4 32. g3 Ne5 33. Rxb6 Bd1 34. Bxd1 Re1+
35. Kg2 Rxd1 36. Rb5 g5 37. Ne2 Rd2 38. Nc3 Rc2 39. d6 Rxc3 40. Rxc5 Nf7 41. Rd5
Rxc4 42. d7 Kg7 43. d8=Q Nxd8 44. Rxd8 Ra4 1/2-1/2

[Event "22nd European Teams"]
[Site "Batumi GEO"]
[Date "2019.10.24"]
[Round "1.13"]
[Board "1"]
[White "Edouard, Romain"]
[Black "Stefansson, Hannes"]
[Result "1-0"]
[WhiteTitle "GM"]
[BlackTitle "GM"]
[WhiteElo "2641"]
[BlackElo "2541"]
[WhiteTeam "France"]
[BlackTeam "Iceland"]
[WhiteFideId "633429"]
[BlackFideId "2300087"]
[EventDate "2019.10.24"]

1. d4 Nf6 2. Bf4 b6 3. Nc3 Bb7 4. f3 d5 5. e4 e6 6. Nb5 Na6 7. e5 Nd7 8. Be3 c6
9. Nc3 Nc7 10. f4 f5 11. exf6 Nxf6 12. Nf3 Bd6 13. Ne5 O-O 14. Qf3 c5 15. Qh3
Qe8 16. a4 Ba6 17. Bd3 Bxd3 18. cxd3 Bxe5 19. dxe5 d4 20. exf6 Rxf6 21. Ne4 1-0

[Event "22nd European Teams"]
[Site "Batumi GEO"]
[Date "2019.10.24"]
[Round "1.13"]
[Board "2"]
[White "Kjartansson, Gudmundur"]
[Black "Maurizzi, Marc Andria"]
[Result "0-1"]
[WhiteTitle "IM"]
[BlackTitle "FM"]
[WhiteElo "2459"]
[BlackElo "2415"]
[WhiteTeam "Iceland"]
[BlackTeam "France"]
[WhiteFideId "2301318"]
[BlackFideId "36083534"]
[EventDate "2019.10.24"]

1. Nf3 Nf6 2. c4 b6 3. g3 Bb7 4. Bg2 g6 5. O-O Bg7 6. d4 O-O 7. d5 Na6 8. Nc3
Nc5 9. Nd4 a5 10. b3 e5 11. Ndb5 Ne8 12. Bb2 c6 13. Na3 f5 14. Qd2 e4 15. Rad1
Nc7 16. d6 N7e6 17. f3 f4 18. Nxe4 Nxe4 19. fxe4 Bxb2 20. Qxb2 Qg5 21. Rd3 fxg3
22. Rxf8+ Rxf8 23. hxg3 Nc5 24. Rf3 Rxf3 25. exf3 Qxg3 26. Qf6 Ne6 27. Qe7 Bc8
28. Qe8+ Nf8 29. Qe7 Qe1+ 30. Kh2 Qc1 31. Qd8 Qxa3 32. Qxc8 Qxd6+ 33. Kg1 Kf7
34. Qd8 Qd4+ 35. Kh2 Ne6 36. Qb8 g5 37. Kg3 h5 38. Kh2 Nf4 39. Qd8 Ne6 40. Qb8
Qd2 41. Qh8 h4 42. a4 Ke7 43. e5 Qf4+ 44. Kg1 Nf8 45. Qg7+ Kd8 46. Kf2 Qd4+ 47.
Kf1 Ne6 48. Qh8+ Kc7 49. Qa8 Nf4 0-1